70 χρόνια στο ρυθμό της τζαζ
Αποθηκεύτηκε σε:
| Κύριος συγγραφέας: | |
|---|---|
| Μορφή: | Βιβλίο |
| Γλώσσα: | Greek |
| Δημοσίευση: |
Αθήναι :
Γκρίτζαλης Αρης,
1973.
|
| Θέματα: | |
| Ετικέτες: |
Προσθήκη ετικέτας
Δεν υπάρχουν, Καταχωρήστε ετικέτα πρώτοι!
|
MARC
| LEADER | 00000cam a2200000 i 4500 | ||
|---|---|---|---|
| 001 | 1/48416 | ||
| 008 | 980709s1973 gr | ||| |||| ||gre|| | ||
| 035 | |l 10043332 | ||
| 040 | |a GR-MyUA |b gre |e AACR2 | ||
| 041 | 0 | |a gre | |
| 082 | 0 | |a 789.5 | |
| 100 | 1 | |a Polillo, Arrigo. | |
| 245 | 1 | 0 | |a 70 χρόνια στο ρυθμό της τζαζ / |c Αρρίγκο Πολίλλιο. |
| 246 | 3 | 3 | |i Άλλες παραλλαγές του τίτλου: |a Τζάζ |
| 246 | 3 | 3 | |i Άλλες παραλλαγές του τίτλου: |a Εβδομήντα χρόνια στο ρυθμό της τζαζ |
| 260 | |a Αθήναι : |b Γκρίτζαλης Αρης, |c 1973. | ||
| 300 | |a 92 σ. ; |c 18 εκ. | ||
| 650 | 0 | 0 | |a Jazz. |
| 650 | 0 | 0 | |a Jazz musicians. |
| 650 | 0 | 0 | |a Jazz |x History. |
| 852 | |a INST |b SAMOS |e 19980709 |h 789.5 POL |p 005300010978 |q 005300010978 |t BK |y 0 | ||
| 901 | |a BIBL-1998-2 | ||
| 909 | |a Σ |b 051334 | ||
| 922 | |a 3ΕΛΗ |b 199709 |c ΔΩΡ |d ΠΑΡΙΑΝΟΣ | ||